01784nam a2200325 i 4500003001000000005001700010007000300027008004100030020001800071020001500089040003500104041000800139043001200147082001700159100004500176245009100221250002200312264005400334300004900388336002700437337003300464338002800497504004100525520069000566600005601256650002001312650004301332650004401375700003901419CO-BoRNBP20250226103741.0ta231009t2018 ck a|||g| 000 0|spa | a9789584274496 a958427449X aCO-BoRNBPbspaerdacCO-BoRNBP0 hspa 0s-ck---04a070.44bB17c1 aBarreras Montealegre, Royd1963- eautor13aEl culo de Antanasbdiatriba para todos/cRoy Barreras; prólogo Daniel Samper Ospina aPrimera edición aBogotá, ColombiabPlaneta Colombiana S.A.c2018 a161 páginasbilustraciones a colorc23 cm  atextobtxt2rdacontent asin mediaciónbn2rdamedia avolumenbnc2rdacarrier aIncluye referencias bibliográficas3 aEste es un libro paradójico: uno de los senadores más conocidos de Colombia le canta la tabla a sus colegas y a sí mismo reclamando un poco de ética para un país que no ha sido capaz de darle la cara a la corrupción. En tiempos de ensayos indignados, Roy Barreras se viste de panfletario para remover los cimientos de una clase política adocenada, complaciente y viciada. ?Lo más limpio de la política en Colombia es el culo de Antanas?, se lee en la primera línea de un ensayo histórico que nos pone frente a un espejo en el que la clase dirigente se ve deforme. Escrito con humor y rigor, se trata sin duda de un arriesgado libro que no dejará a nadie inmune.1 aMockus Šivickas, Aurelijus Rutenis Antanasd1952-17aCrónica2LEMB17aPolítica y gobiernozColombia2LEMB 17aCorrupción políticazColombia2LEMB1 aSamper Ospina, Danieleprologuista